Central Library OPAC University of Rajshahi

Post-primary education and political and economic development / (Record no. 5792)

MARC details
000 -LEADER
fixed length control field 01117cam a22002651 4500
001 - CONTROL NUMBER
control field 5792
003 - CONTROL NUMBER IDENTIFIER
rucl marc code BD-RjUL
005 - DATE AND TIME OF LATEST TRANSACTION
control field 20211208234128.0
008 - FIXED-LENGTH DATA ELEMENTS--GENERAL INFORMATION
fixed length control field 140107s1964 ncu b 001 0 eng
035 ## - SYSTEM CONTROL NUMBER
System control number (BD-RjUL)5831
040 ## - CATALOGING SOURCE
Original cataloging agency DLC
Transcribing agency DLC
Modifying agency DLC
-- BD-RjUL
Language of cataloging eng
041 ## - LANGUAGE CODE
Language code of text/sound track or separate title eng
082 ## - DEWEY DECIMAL CLASSIFICATION NUMBER
Edition number 23
Classification number 370.91724
Author mark and year POS 1964
245 10 - TITLE STATEMENT
Title Post-primary education and political and economic development /
Statement of responsibility, etc. C. Arnold Anderson [...et.al] Edited by Don C. Piper and Taylor Cole.
260 ## - PUBLICATION, DISTRIBUTION, ETC. (IMPRINT)
Place of publication, distribution, etc. Durham, N.C. :
Name of publisher, distributor, etc. Published for the Duke University Commonwealth-Studies Center
Date of publication, distribution, etc. Duke University Press,
-- c1964.
300 ## - PHYSICAL DESCRIPTION
Pagination xii, 238 p. ;
Size 23 cm.
490 1# - SERIES STATEMENT
Series statement Duke University Commonwealth-Studies Center. Publication
Volume/sequential designation no. 20
504 ## - BIBLIOGRAPHY, ETC. NOTE
Bibliography, etc Bibliographical footnotes and index.
650 #0 - SUBJECT ADDED ENTRY--TOPICAL TERM
Topical term or geographic name as entry element Educational sociology.
9 (RLIN) 18194
Topical term or geographic name as entry element Newly independent states.
9 (RLIN) 5878
700 1# - ADDED ENTRY--PERSONAL NAME
Personal name Cole, Taylor,
Dates associated with a name 1906- [from old catalog]
Relator term joint ed.
856 ## - ELECTRONIC LOCATION AND ACCESS
Uniform Resource Identifier <a href="http://www.worldcat.org/title/post-primary-education-and-political-and-economic-development/oclc/189490&referer=brief_results">http://www.worldcat.org/title/post-primary-education-and-political-and-economic-development/oclc/189490&referer=brief_results</a>
942 ## - ADDED ENTRY ELEMENTS (KOHA)
Source of classification or shelving scheme Dewey Decimal Classification
Koha item type Books
Holdings
Lost status Source of classification or shelving scheme Damaged status Not for loan Collection code Permanent Location Current Location Shelving location Date acquired Source of acquisition Cost, normal purchase price Total Checkouts Full call number Date last seen Copy number Koha item type
  Dewey Decimal Classification   Not For Loan Non-fiction Central Library, University of Rajshahi Central Library, University of Rajshahi Reading Room 13/09/1968 Zeitlinger 71.00   370.91724 POS 1964 07/01/2014 C-1 Books
  Dewey Decimal Classification     Non-fiction Central Library, University of Rajshahi Central Library, University of Rajshahi   05/11/1968 Zeetlinger 71.00   370.91724 POS 1964 02/01/2017 C-2 Books